000 04063nab a2200289 i 4500
003 BR-BrBNA
005 20250320095044.0
008 250320b2016 bl.qr|pooa||| 00| 0 eng |
040 _aBR-BrBNA
_beng
072 _aF50
100 _aLacchia, Ana Paula Stechhahn
100 _aTölke, Elisabeth Emilia Augusta Dantas
100 _aDemarco, Diego
100 _aCarmello-Guerreiro, Sandra Maria
245 _aPresumed domatia are actually extrafloral nectaries on leaves of Anacardium humile (Anacardiaceae)
500 _aPublicação on-line; Bibliography p. 26-28 (62 ref.); 1 tables; 4 illus.; Summaries (En, Pt)
520 _a Abstract Presumed domatia are actually extrafloral nectaries on leaves of Anacardium humile (Anacardiaceae), a species from the Brazilian savannah, is associated with foraging ants, which leads to the description of the structure of its leaves as domatia. However, the ants collect secretions on the leaves, a phenomenon that inspired us to elucidate this structure. To this end, we conducted an analysis of the distribution, micromorphology, anatomy and histochemistry of these supposed domatia. They are located in the axil of thicker leaf veins and are composed of glandular trichomes which exude glucose; they are, therefore, described here as extrafloral nectaries (EFNs). The nectariferous trichomes are located at the same level as the other epidermal cells on young leaves, while in mature leaves they were found in depressions of the leaf blade. The secretory activity of EFNs is limited to juvenile phases, becoming degenerated in mature leaves. Carbohydrates and lipophilic compounds were detected in the produced secretion. It can be concluded that the presence of ants foraging leaves to collect from EFNs indicates a mutualistic interaction, with the plant providing a sugar resource to the ants in return for protection against herbivory since they are present in developing leaves. Key words: Cashew, extrafloral nectary, glandular trichomes, histochemistry, nectar. Resumo Supostas domácias foliares de Anacardium humile (Anacardiaceae) são na realidade nectários extraflorais – Anacardium humile, uma espécie do cerrado brasileiro, está associada a formigas forrageadoras, o que leva à descrição da estrutura presente em suas folhas como domácias. No entanto, as formigas coletam a secreção das folhas, um fenômeno que inspirou este estudo, que visa justamente elucidar esta estrutura. Por esta razão, foi realizada uma análise da distribuição, micromorfologia, anatomia e histoquímica das supostas domácias. Elas estão localizadas nas axilas das nervuras foliares de maior calibre e são compostas por tricomas glandulares. Os tricomas exsudam glicose, portanto, são descritos aqui como nectários extraflorais (NEFs). Os tricomas nectaríferos estão localizados no mesmo nível que as células da epiderme em folhas jovens, enquanto, nas folhas maduras, foram encontradas nas depressões da lâmina foliar. A atividade secretora nos NEFs é limitada a fases juvenis, degenerando em folhas maduras. Carboidratos e substâncias lipofílicas foram detectados na secreção produzida. Pode-se concluir que a presença de formigas forrageando folhas para coleta nos NEFs indica uma interação mutualística, com a planta fornecendo recursos para as formigas em troca de proteção contra herbivoria, uma vez que as mesmas estão presentes em folhas ainda em desenvolvimento. Palavras-chave: Caju, nectário extrafloral, tricomas glandulares, histoquímica, néctar
650 _aCAJU
650 _aANACARDIUM HUMILE
650 _aNÉCTAR
650 _aDOMÁCIA
650 _aHISTOQUÍMICA
773 0 _0709
_9349283
_dRio de Janeiro-RJ Jardim Botanico do Rio de Janeiro 1935
_o2025-1802
_tRodriguésia (Brazil)
_x0370-6583; 2175-7860 on-line
_gv. 67(1) p. 019-028; (2016)
_wBR2025000267
856 _uhttps://www.scielo.br/j/rod/a/yvHF6XcXdkYVMScN6Qr98Ps/?format=pdf&lang=en
942 _cANA
999 _c330549
_d330549